00785nam a2200241Ia 4500003000400000005001700004008004100021020001500062040000700077041000800084082002400092100003500116245005300151260003900204300001700243365001300260650002100273650002100294906005100315942001200366999001900378952014600397OSt20230325100139.0210423s2006 xx 000 0 und d a812650918X cAL aeng a330.0151 223bBRAT aBRADLEY (Teresa);others977791 aEssential mathematics for economics and business aEnglandbWiley India Pvt Ltdc2006 axvii,637bPB b350cINR aEconomics977792 aEconomics977792 abusiness ; economics ; Essential ; mathematics 2ddccBK c155948d155948 001040708ECOaSACPGbSACPGd2008-08-27eAthulya Booksg350.00l1o330.0151 BRATpPG002420r2023-05-17 00:00:00s2023-03-07w2021-04-26yBK